Critical community practice / Hugh Butcher ... [et al.]
Record details
- ISBN: 9781861347916 (pbk.)
- Physical Description: vii, 184 p. ; 24 cm
- Publisher: Bristol : Policy, 2007
Content descriptions
| Bibliography, etc. Note: | Includes bibliographical references and index. |
Available copies
- 1 of 1 copy available at Common Catalog SPOK.
Holds
- 0 current holds with 1 total copy.
Show Only Available Copies
| Location | Call Number / Copy Notes | Barcode | Shelving Location | Status | Due Date |
|---|---|---|---|---|---|
| Jabok Library | SPr-1.4 | 424480034613 | Odborná literatura | Available | - |
| LDR | 00818pam a2200277 a 4500 | ||
|---|---|---|---|
| 001 | 18266 | ||
| 003 | CZ-PrJAB | ||
| 005 | 20200330083324.0 | ||
| 007 | ta | ||
| 008 | 070516s2007 enk b 001 0 eng d | ||
| 020 | . | ‡a9781861347916 (pbk.) | |
| 035 | . | ‡a(UkOxU)016647487 | |
| 035 | . | ‡a(Uk)013756611 | |
| 040 | . | ‡aStDuBDS ‡beng ‡cStDuBDS ‡dUk ‡dABG312 | |
| 082 | 0 | 4. | ‡a307.14 ‡222 |
| 245 | 0 | 0. | ‡aCritical community practice / ‡cHugh Butcher ... [et al.] |
| 260 | . | ‡aBristol : ‡bPolicy, ‡c2007 | |
| 300 | . | ‡avii, 184 p. ; ‡c24 cm | |
| 504 | . | ‡aIncludes bibliographical references and index. | |
| 653 | 0 | . | ‡akomunitní práce ‡azáklady ‡amodely ‡aperspektivy ‡aCommunity development ‡aCommunity organization ‡aCommunity |
| 700 | 1 | . | ‡aButcher, Hugh |
| 910 | . | ‡aABG312 | |
| 901 | . | ‡a18266 ‡bCZ-PrJAB ‡c18266 ‡tbiblio | |